| 000 | 00907cab a2200277 4500 | ||
|---|---|---|---|
| 001 | ABS50300 | ||
| 008 | 090401t1994 xxu||||| |||| 00| 0 eng d | ||
| 035 | _a(Sirsi) u75165 | ||
| 041 | _aeng | ||
| 100 | _aMilliken, S. | ||
| 245 | 4 | _aThe rise, fall and resurrection of residential land values | |
| 260 | _c1994 | ||
| 350 | _a0 | ||
| 490 |
_aFarmland Market _v(41) Spring 1994, 14-16(3) |
||
| 520 | _aSurveys the current trends in residential land prices around the country, forecasts the trends for growth in the coming year, evaluates the problems involved, and compares the situation between the 1970s and 1980s. Tables. Graphs. | ||
| 650 | _aFORECASTS | ||
| 650 | _aHOUSE BUILDING LAND | ||
| 650 | _aLAND VALUES | ||
| 650 | _aOVERVIEW | ||
| 650 | _aRECESSION | ||
| 650 | _aRESIDENTIAL LAND | ||
| 650 | _aSTATISTICS | ||
| 690 | _aHOUSING-PRICES | ||
| 942 | _n0 | ||
| 948 | _c04/03/1997 | ||
| 999 |
_c47355 _d47355 |
||